[Event "GCT Saint Louis Rapid 2018"]
[Site "Saint Louis"]
[Date "2018.08.12"]
[Round "7"]
[White "So, Wesley"]
[Black "Aronian, Levon"]
[Result "1/2-1/2"]
[WhiteElo "2852"]
[BlackElo "2806"]
[Annotator "TA"]
[PlyCount "109"]
[EventDate "2018.08.11"]
[EventType "tourn"]
[EventCountry "USA"]
[SourceTitle "playchess.com"]
[Source "ChessBase"]
[SourceQuality "1"]

{[%evp 18,109,18,9,6,-14,-21,-14,-8,-18,41,31,39,19,33,25,40,34,37,-23,20,0,0,-25,0,-12,-14,-4,0,-83,-60,-71,-69,-58,-48,-56,-49,-142,-139,-149,-82,-108,-81,-68,-89,-87,-70,-72,-31,-26,-25,-27,-24,-26,-8,-34,-34,-73,-69,-78,-70,-83,-34,-81,-84,-70,-8,-12,0,-8,0,0,0,0,0,0,0,0,0,0,0,0,0,0,0,0,0,0,0,0,0,0,0,0]} 1. Nf3 Nf6 2. c4 e6 3. b3 d5 4. Bb2 c5 5. cxd5 exd5 6. g3 {A13: English Opening: 1...e6} Nc6 7. Bg2 d4 8. O-O Be7 9. Na3 {[%cal Bb1a3,Ba3c4,Bc4e5][%mdl 32]} O-O 10. Nc4 {LiveBook: 3 Games} (10. e3 Bg4 11. h3 Bh5 12. Re1 Rc8 {½-½ (44) So,W (2778)-Aronian,L (2764) Stavanger 2018}) 10... Bf5 (10... Be6 11. e3 Rc8 12. exd4 cxd4 {½-½ (69) Giri,A (2777)-Ding,L (2778) Shamkir 2018}) 11. Rc1 Rc8 12. Nfe5 Nxe5 13. Nxe5 Be4 $146 (13... Nd7 $11 14. Nd3 Qb6) 14. Bh3 $14 Rc7 15. f3 Qd5 16. fxe4 Qxe5 17. d3 Ne8 18. Kg2 (18. Rf5 $14 Qd6 19. Rc2) 18... Qd6 19. Rc2 Bf6 20. Qd2 Be5 21. Rfc1 b6 22. a3 f5 23. exf5 (23. Bxf5 $11 {remains equal.} Qf6 24. Kh1) 23... Nf6 24. e4 dxe3 $1 25. Qxe3 Bxb2 26. Rxb2 {With the idea Qe6+.} Re7 27. Qf4 {[#]} ({White should try} 27. Qd2 $15) 27... Qxf4 $1 $17 28. gxf4 Rd8 ({Better is} 28... Re3 29. Rd2 Rd8) 29. Kg1 Rd4 30. b4 cxb4 $1 31. axb4 Rxf4 32. Ra1 Nd5 33. Rba2 $1 Rxb4 {[#] Strongly threatening ...a5.} 34. Rxa7 {aiming for Bg2.} Kf7 35. Bg2 Nc3 36. Rxe7+ Kxe7 $11 {[%mdl 4096] Endgame KRB-KRN} 37. Ra3 Nb5 38. Ra2 Kf6 39. Be4 Nc3 40. Rc2 Rb3 41. Kf2 b5 (41... Ke5 $15 42. Bc6 Kxf5) 42. Ke3 {The position is equal.} b4 43. Kd4 Nb5+ 44. Ke3 Rc3 45. Rb2 b3 46. Bd5 Nd6 47. Bxb3 Nxf5+ 48. Ke4 Rc7 49. Bc4 Re7+ 50. Kf4 {Rb6+ would kill now.} g5+ 51. Kg4 {Rb6+ is the strong threat.} Ne3+ 52. Kh5 Nxc4 53. dxc4 Re4 {[%csl Gg5][%cal Re4h4]} 54. Rf2+ Kg7 {( -> ...h6)} 55. Kxg5 {Precision: White = 56%, Black = 57%.} 1/2-1/2

[Event "GCT Saint Louis Rapid 2018"]
[Site "Saint Louis"]
[Date "2018.08.12"]
[Round "7"]
[White "Nakamura, Hikaru"]
[Black "Vachier-Lagrave, Maxime"]
[Result "1-0"]
[WhiteElo "2824"]
[BlackElo "2798"]
[Annotator "TA"]
[PlyCount "135"]
[EventDate "2018.08.11"]
[EventType "tourn"]
[EventCountry "USA"]
[SourceTitle "playchess.com"]
[Source "ChessBase"]
[SourceQuality "1"]

{[%evp 17,135,0,0,0,0,0,0,0,31,27,14,27,27,36,52,39,56,61,60,62,75,65,63,73,123,130,180,172,182,175,168,187,168,182,216,179,201,179,183,183,183,183,223,228,219,221,328,359,439,418,456,425,510,502,672,655,623,314,316,151,200,187,197,129,140,140,134,145,147,145,163,149,171,143,299,291,445,267,445,443,437,421,437,402,309,260,1324,1176,1433,714,714,706,584,549,6085,6085,6085,6085,6085,6085,5350,5347,5193,4089,2605,2210,6085,917,6079,5608,6085,6070,5825,5825,5620,5528,5575,5331,5057,4710]} 1. e4 c5 2. Nf3 d6 3. Bb5+ Nd7 4. d4 cxd4 5. Qxd4 a6 6. Be2 {B51: Sicilian: Moscow Variation (3 Bb5+) without 3...Bd7} Ngf6 7. c4 g6 8. Nc3 Bg7 9. O-O O-O {LiveBook: 5 Games} 10. Qe3 $146 ({Predecessor:} 10. Qd3 Nc5 11. Qc2 b5 12. cxb5 axb5 13. Bxb5 Bb7 {½-½ (59) Neiksans,A (2560)-Cheparinov,I (2672) Warsaw 2013}) 10... b6 11. Rd1 Bb7 12. Ng5 Qc7 13. f3 Rac8 14. Bd2 Ne5 15. b3 e6 16. Rac1 h6 17. Nh3 g5 18. Na4 Ned7 19. Bc3 Rfd8 20. Nf2 Nc5 21. Nxc5 bxc5 {[#]} 22. f4 $1 gxf4 23. Qxf4 Qe7 24. Rd3 {Black must now prevent Rg3.} e5 25. Qh4 Rd7 26. Bf3 Kh7 27. Rf1 Rg8 28. Bd2 Bf8 29. Nh1 Nd5 30. Qxe7 Nxe7 31. Ng3 f5 (31... Nc6 $142 32. Bh5 Nd8) 32. exf5 $18 Rxg3 33. hxg3 e4 34. Bg4 exd3 35. f6 $1 {[%csl LRd7,LRe7]} Rc7 36. fxe7 Bxe7 37. Bf5+ Kg7 38. Bxd3 (38. Ba5 $18 {and the rest is easy.} Bd8 39. Bxc7 Bxc7 40. Rd1) 38... Rc8 39. Bc3+ Kg8 40. Bh7+ (40. Re1 $18 Bg5 41. Re6) 40... Kxh7 $16 41. Rf7+ Kg8 42. Rxe7 {[%mdl 4096] Endgame KRB-KRB} Bc6 43. Re6 Rd8 44. Rxh6 Kf7 45. Be5 dxe5 $2 (45... Be4 $16) 46. Rxc6 {KR-KR} Rd2 (46... Rd1+ $142 47. Kf2 Rd2+ 48. Kf3 Rxa2 49. Rc7+ (49. Rxc5 Ra3 $18) 49... Ke6 50. Rxc5 Ra3 51. Rc6+ Kd7) 47. Rxa6 $18 e4 48. a4 e3 {...Rd1+ is the strong threat.} 49. Kf1 Rf2+ 50. Ke1 Rxg2 51. Rc6 Rxg3 $2 (51... Rg1+ 52. Ke2 Rg2+ 53. Kd3 Rb2 54. Rxc5 e2) 52. Rxc5 {White is clearly winning.} Ke6 53. Rb5 (53. b4 $142 Rg2 54. a5) 53... Rg2 54. Rd5 Rb2 55. Rd3 e2 56. c5 Ke5 57. c6 Rc2 58. c7 Ke4 59. Rd8 Rxc7 60. Kxe2 Rc2+ {[#]} 61. Kd1 $1 {[%cal Rd1c2]} Rb2 62. Rb8 Kd3 63. Kc1 Rh2 64. Rc8 Rg2 65. Kb1 Rh2 66. Rc5 Rg2 67. Rc4 Rh2 68. a5 {Precision: White = 78%, Black = 34%.} 1-0

[Event "GCT Saint Louis Rapid 2018"]
[Site "Saint Louis"]
[Date "2018.08.12"]
[Round "7"]
[White "Mamedyarov, Shakhriyar"]
[Black "Karjakin, Sergey"]
[Result "1-0"]
[WhiteElo "2754"]
[BlackElo "2793"]
[Annotator "TA"]
[PlyCount "55"]
[EventDate "2018.08.11"]
[EventType "tourn"]
[EventCountry "USA"]
[SourceTitle "playchess.com"]
[Source "ChessBase"]
[SourceQuality "1"]

{[%evp 11,55,0,7,-22,-10,-65,-37,-91,-8,-60,-75,-55,0,0,0,-98,0,0,112,99,157,139,97,115,165,64,208,200,196,56,245,177,192,178,594,584,646,641,662,553,630,611,614,599,608,598]} 1. c4 Nf6 2. Nf3 e6 3. e3 Be7 (3... d5 4. b3 c5 5. Bb2 Nc6 6. cxd5 exd5 7. d4 cxd4 8. Nxd4 Bb4+ 9. Bc3 Qb6 10. Bb5 O-O 11. Nxc6 Bxc3+ 12. Nxc3 bxc6 13. Be2 c5 14. O-O Be6 15. Na4 {½-½ (81) Sambuev,B (2522)-Wei,Y (2753) Tbilisi 2017}) 4. Nc3 O-O 5. b3 b6 6. Bb2 {A13: English Opening: 1...e6} Bb7 {LiveBook: 19 Games} 7. Qc2 c5 8. Ng5 $146 (8. Be2 $11) ({Predecessor:} 8. Be2 Nc6 9. Rd1 Rc8 10. O-O a6 11. Qb1 {0-1 (31) Gaehler,M (2341)-Kurmann,O (2426) Switzerland 2016}) 8... h6 9. h4 (9. Nf3 $15) 9... Re8 (9... Nc6 $17) 10. O-O-O ({Better is} 10. Bd3 $1 $11) 10... Nc6 11. a3 Kf8 12. Nh7+ Kg8 13. Ng5 Kf8 (13... Na5 $17 14. d4 cxd4 15. Rxd4 Rc8) 14. f4 Rc8 ({Much weaker is} 14... hxg5 $6 15. hxg5 Ng8 16. Rh8 $16) (14... Na5 $11 {keeps the balance.}) 15. Bd3 $1 $16 d5 {[#]} (15... Qc7 $142) 16. Bg6 $1 hxg5 17. hxg5 {And now Nxd5 would win.} Ng8 {[#] Hoping for ...d4.} 18. Bh7 $40 {[%mdl 128] White mounts an attack.} (18. Nxd5 $1 $18 {Intending Bxg7+! and mate.} Nd4 19. exd4 fxg6 20. Ne3) 18... Nf6 (18... d4 $1 $14) 19. gxf6 Bxf6 20. g4 ({White must play} 20. cxd5 $18 exd5 21. Bf5) 20... Ke7 $2 (20... dxc4 $14 21. bxc4 Nd4 22. exd4 Bxh1) 21. g5 Bxc3 22. dxc3 {[%cal Bd2c3,Bc3c4][%mdl 32]} Rh8 $2 (22... Qd6 {is more resistant.} 23. cxd5 exd5) 23. cxd5 $18 {White is clearly winning.} exd5 24. c4 d4 25. Qe4+ Kd6 26. exd4 {[%cal Be3d4,Bd4c5][%mdl 32]} Kc7 27. dxc5 {White threatens Be5+ and mate.} Qe8 28. Bxg7 {Precision: White = 38%, Black = 20%.} 1-0

[Event "GCT Saint Louis Rapid 2018"]
[Site "Saint Louis"]
[Date "2018.08.12"]
[Round "7"]
[White "Grischuk, Alexander"]
[Black "Anand, Viswanathan"]
[Result "1/2-1/2"]
[WhiteElo "2751"]
[BlackElo "2758"]
[Annotator "TA"]
[PlyCount "79"]
[EventDate "2018.08.11"]
[EventType "tourn"]
[EventCountry "USA"]
[SourceTitle "playchess.com"]
[Source "ChessBase"]
[SourceQuality "1"]

{[%evp 25,79,23,17,11,19,17,59,56,63,70,62,17,13,0,0,-10,-3,0,0,-8,0,0,4,0,4,6,4,4,4,4,0,0,7,0,9,8,8,8,15,12,25,13,18,0,9,0,0,0,2,0,0,0,0,0,0,0]} 1. d4 {Krasenkow,M} Nf6 2. c4 e6 3. Nf3 d5 4. Nc3 Be7 5. Bf4 O-O 6. e3 c5 7. dxc5 Bxc5 8. cxd5 Nxd5 9. Nxd5 exd5 10. Bd3 Bb4+ {D37: Damengambit (5.Lf4)} 11. Nd2 Nc6 12. O-O Be7 13. Rc1 Bf6 {[#] LiveBook: 4 Partien} 14. Nb3 $146 ({Vorgänger:} 14. Nf3 Qe7 15. h3 g6 16. Bb5 Bd7 17. Qxd5 Be6 18. Qe4 Bxb2 19. Bxc6 {½-½ (94) Carlsen,M (2822)-Nakamura,H (2792) Saint Louis 2017 CBM 180 [Krasenkow,M]}) 14... g6 15. Qd2 Qb6 16. Bd6 {Droht stark Lc5.} Rd8 17. Bc5 Qc7 18. Bd4 Bxd4 19. exd4 Qd6 20. Rfe1 b6 21. Bb5 Ne7 22. Qg5 Be6 23. Qf6 Rac8 24. a3 Rxc1 25. Nxc1 Nf5 26. Ne2 Bc8 27. Qxd6 Nxd6 28. Nc3 Nf5 29. Rd1 Ng7 30. f3 Bb7 31. Kf2 Ne6 32. h4 Kg7 33. g3 Kf6 {Die Stellung ist ausgeglichen.} 34. Bf1 Ke7 35. Nb5 a6 36. Nc3 Kd6 37. Bh3 Nc7 38. Re1 Bc8 39. Bf1 Bd7 40. Rc1 {Precision: Weiß = 59%, Schwarz = 67%.} 1/2-1/2

[Event "GCT Saint Louis Rapid 2018"]
[Site "Saint Louis"]
[Date "2018.08.12"]
[Round "7"]
[White "Caruana, Fabiano"]
[Black "Dominguez Perez, Leinier"]
[Result "0-1"]
[WhiteElo "2738"]
[BlackElo "2826"]
[Annotator "TA"]
[PlyCount "108"]
[EventDate "2018.08.11"]
[EventType "tourn"]
[EventCountry "USA"]
[SourceTitle "playchess.com"]
[Source "ChessBase"]
[SourceQuality "1"]

{[%evp 19,108,35,33,-9,-14,-12,-4,-27,-25,-44,-43,-50,-29,-35,0,-15,0,0,0,-26,33,29,42,27,86,66,74,0,0,0,47,57,62,62,68,65,70,74,82,90,87,74,163,183,183,124,172,170,162,58,56,-136,0,0,0,0,85,0,0,0,0,0,0,0,13,12,30,5,1285,1333,29977,29978,29975,29974,29975,5688,29973,5688,5469,5408,5391,5401,4830,4674,4682,4690,4690,4618,4606,-1114,-1099]} 1. d4 d5 2. c4 e6 3. Nc3 Nf6 4. cxd5 Nxd5 5. e4 Nxc3 6. bxc3 c5 7. Nf3 cxd4 8. cxd4 Bb4+ 9. Bd2 Bxd2+ 10. Qxd2 O-O {LiveBook: 1190 Games} 11. h4 $146 {D41: Queen's Gambit Declined: Semi-Tarrasch with 5 cxd5} ({Predecessor:} 11. Bc4 Nd7 12. O-O b6 13. Rfe1 Bb7 14. Rad1 Rc8 15. Bb3 Re8 16. h4 h6 17. Qf4 Qc7 18. Qxc7 Rxc7 19. d5 Nc5 20. d6 Rd7 21. Bc4 a6 22. e5 {1-0 (51) Vachier Lagrave,M (2789)-Giri,A (2782) Leuven 2018}) 11... b6 {[%cal Bb7b6,Bb6b5][%mdl 32]} 12. h5 h6 13. g4 {The position is equal.} Bb7 14. Qe3 Nc6 15. a3 b5 16. Be2 a6 17. Rd1 $1 Qa5+ 18. Kf1 f6 $1 19. Rg1 Ne7 (19... Rae8 $11) 20. d5 $14 exd5 21. exd5 Nxd5 (21... Rf7 $1 $11) 22. Qe6+ $16 Kh8 23. Nh4 (23. Qf5 $1 $16 Ne7 24. Qc5) 23... Nf4 $1 $11 {[%cal Rf4e6]} 24. Qe7 Qc3 25. Qxb7 Qh3+ 26. Ng2 Nxe2 27. Kxe2 Qxg4+ 28. Qf3 Qc4+ 29. Qd3 {And now Qxc4 would win.} Qg4+ 30. Kf1 Rad8 (30... Rac8 $16) 31. Qxd8 $18 Rxd8 32. Rxd8+ Kh7 33. Ne3 Qxh5 34. Ra8 (34. Rg4 $18 Qh1+ 35. Ke2) 34... Qc5 $14 {...Qc1+ is the strong threat.} 35. Rb8 $2 {[#]} (35. Rg4 $14 {keeps the upper hand.}) 35... Qc7 (35... f5 $1 $17 {[%cal Rf5f4]} 36. Rd8 Qxa3) 36. Rf8 $11 Qe7 37. Rc8 Qd7 (37... Qxa3 $11 38. Rc7 Qa1+ 39. Kg2 Qe5) 38. Rc2 (38. Rc5 $16) 38... f5 {White must now prevent ...f4.} 39. f4 Qd4 40. Ke2 {aiming for Rc7.} Qxf4 {Hoping for ...Qe5.} 41. Rc5 Qh2+ 42. Rg2 Qh5+ 43. Kd2 Qf3 $2 {[%mdl 8192] [#]} (43... Qf7 $11) 44. Rc7 $1 $18 {[%cal Rc7g7]} h5 45. Rcxg7+ Kh8 46. Rg8+ Kh7 47. R2g7+ Kh6 48. Rg5 (48. Rg3 $142 Qf2+ 49. Kd3 Kh7 50. R3g7+ Kh6 51. Rg2 Qxg2 52. Nxf5+ Kh7 53. Rxg2) 48... Qf4 49. R8g6+ Kh7 50. Rg7+ Kh8 51. Rg8+ Kh7 52. R5g7+ Kh6 53. Ke2 Qe4 54. Re7 $4 {[%mdl 8192]} (54. Rg1 $18 Qe5 55. R8g6+ Kh7 56. R6g5 (56. Rxa6 f4 $11)) 54... Qxe7 {Precision: White = 51%, Black = 45%.} 0-1

[Event "GCT Saint Louis Rapid 2018"]
[Site "Saint Louis"]
[Date "2018.08.13"]
[Round "8"]
[White "So, Wesley"]
[Black "Grischuk, Alexander"]
[Result "1-0"]
[WhiteElo "2852"]
[BlackElo "2751"]
[Annotator "TA"]
[PlyCount "107"]
[EventDate "2018.08.11"]
[EventType "tourn"]
[EventCountry "USA"]
[SourceTitle "playchess.com"]
[Source "ChessBase"]
[SourceQuality "1"]

{[%evp 27,107,50,61,32,28,29,54,47,43,20,27,27,16,0,0,3,12,4,33,0,0,0,0,-12,0,0,321,314,331,332,318,331,299,295,306,194,197,190,197,205,244,225,227,231,214,154,414,435,424,407,539,407,487,487,522,456,445,439,531,531,677,417,368,0,658,586,634,595,984,684,646,593,557,537,2075,2065,29982,29983,29983,29984,29982,29981]} 1. Nf3 Nf6 2. c4 g6 3. Nc3 Bg7 4. e4 d6 5. d4 {[%cal Bd2d4,Bd4d5][%mdl 32]} O-O 6. Be2 e5 7. O-O Nc6 8. d5 Ne7 9. Ne1 Nd7 10. Nd3 f5 11. Bd2 Nf6 12. f3 f4 13. Rc1 g5 14. c5 Ng6 {[#] LiveBook: 217 Games} 15. Kh1 $146 {E99: King's Indian: Classical Main Line: 9 Ne1 Nd7 10 f3 f5} ({Predecessor:} 15. Nb5 Rf7 16. Ba5 b6 17. cxd6 cxd6 18. Be1 a6 19. Nc3 a5 20. Nf2 h5 21. Nb5 Bf8 22. Rc3 Rg7 23. h3 Nh4 24. a4 Ne8 25. b4 axb4 {1-0 (58) Mareco,S (2635)-Amin,B (2662) Doha 2016}) 15... Rf7 16. Rg1 Bf8 17. g3 {White is slightly better.} Rg7 18. cxd6 cxd6 19. gxf4 gxf4 20. Bf1 Bd7 21. Be1 Kh8 22. Qb3 Nh5 23. Nb5 Nh4 24. Rxg7 Nxg7 25. Nf2 Qb6 26. Nh3 Be7 $2 {[%mdl 8192]} (26... Nxf3 $1 $11 27. Qxf3 Bxb5) 27. Bf2 $18 Qd8 {[#]} 28. Bxh4 $1 ({Weaker is} 28. Nxa7 Rb8 $16) 28... Bxh4 29. Nxd6 Qe7 30. Qxb7 Rg8 31. Rc7 Qxd6 32. Rxd7 $40 {[%mdl 128] White has strong attack.} Qc5 33. Rc7 Qe3 34. Qb3 ({Not} 34. Qxa7 Qxf3+ 35. Bg2 Qd1+ 36. Ng1 Qe1 $11) 34... Qe1 35. Qd3 Ne8 36. Rc6 Bf2 $2 {[#]} (36... Bd8 $16 37. Qe2 Qh4) 37. Qe2 Qxe2 38. Bxe2 Bd4 39. d6 Nf6 40. Bc4 Rb8 41. b3 h6 42. Be6 Kg7 43. Rc7+ Kg6 44. Bf7+ Kg7 45. Be6+ $2 (45. Kg2) 45... Kg6 46. Bf5+ Kh5 47. d7 Rd8 48. Rc8 Bb6 49. b4 {[%cal Bb3b4,Bb4a5][%mdl 32]} Ng8 50. a4 a5 51. Rc6 Bd4 52. bxa5 {White mates.} Rb8 53. Rc8 Rb1+ 54. Kg2 {Precision: White = 67%, Black = 41%.} 1-0

[Event "GCT Saint Louis Rapid 2018"]
[Site "Saint Louis"]
[Date "2018.08.13"]
[Round "8"]
[White "Dominguez Perez, Leinier"]
[Black "Mamedyarov, Shakhriyar"]
[Result "1/2-1/2"]
[WhiteElo "2826"]
[BlackElo "2754"]
[Annotator "TA"]
[PlyCount "83"]
[EventDate "2018.08.11"]
[EventType "tourn"]
[EventCountry "USA"]
[SourceTitle "playchess.com"]
[Source "ChessBase"]
[SourceQuality "1"]

{[%evp 10,83,43,27,46,47,41,33,33,27,50,8,68,84,70,80,87,92,150,129,217,212,197,222,201,193,272,78,77,72,70,78,74,72,90,34,46,65,52,35,27,36,34,33,31,27,76,88,85,27,18,8,8,8,8,8,6,6,12,0,0,0,0,0,0,0,0,0,0,0,0,0,0,0,0,0]} 1. e4 e5 2. Nf3 Nc6 3. Bc4 Nf6 4. d3 h6 5. c3 d6 6. Nbd2 {[%cal Bb1d2,Bd2f1,Bf1e3][%mdl 32] LiveBook: 62 Games} g5 {C55: Two Knights: 4 d3, 4 d4 exd4 5 e5 and Max Lange Attack} (6... g6 7. Bb3 Bg7 8. Nc4 Be6 9. O-O O-O 10. Re1 Re8 11. a4 a5 12. h3 Qd7 13. Ne3 d5 14. exd5 Nxd5 {½-½ (44) Wan,Y (2499)-Yu,Y (2759) Hangzhou 2018}) 7. h3 {[%cal Bh2h3,Bh3h4][%mdl 32]} Bg7 8. Bb3 O-O $146 {White is slightly better.} ({Predecessor:} 8... b5 9. a4 b4 10. a5 a6 11. Nf1 Qe7 12. Ne3 bxc3 13. bxc3 g4 14. hxg4 Nxg4 {1-0 (35) Efremova,D (2047)-Mohammad,N St Petersburg 2007}) 9. Nf1 Ne7 10. Ne3 Be6 (10... a5 $11) 11. h4 $14 {And now Bxe6 would win.} g4 12. Nh2 $1 h5 13. f3 d5 ({Black should try} 13... gxf3 14. Nxf3 Bxb3 15. axb3 Qd7) 14. fxg4 $16 hxg4 (14... dxe4 $16 15. g5 Nd7) 15. Nhxg4 Nxg4 16. Nxg4 f5 {[#]} 17. Nh6+ $1 Kh7 (17... Kh8 $142 18. exf5 Nxf5 19. Nxf5 Bxf5) 18. Qh5 $2 (18. Bg5 $18 {is more deadly.}) 18... Qe8 {[#]} 19. Qxe8 $1 Raxe8 20. Nxf5 Nxf5 21. exf5 Rxf5 22. Rf1 (22. Bg5 $16) 22... c6 23. Be3 Rg8 24. Rxf5 Bxf5 25. Ke2 Bh6 26. Bxh6 Kxh6 $14 {[%mdl 4096] Endgame KRB-KRB} 27. Rg1 Kh5 28. g3 Rf8 29. Bd1 (29. Kd2 $16) 29... Bg4+ $1 $11 30. Ke3 {The position is equal.} Bxd1 31. Rxd1 {KR-KR} Kg4 32. Rg1 Rf3+ 33. Ke2 d4 34. cxd4 exd4 35. b4 Rf5 36. a3 a5 37. Rb1 Rb5 38. Kd2 Kxg3 39. a4 Rf5 (39... Rxb4 40. Rxb4 Kxh4 41. Rxb7 $18) 40. bxa5 Rxa5 41. Rxb7 Rxa4 42. Kc2 {Precision: White = 60%, Black = 62%.} 1/2-1/2

[Event "GCT Saint Louis Rapid 2018"]
[Site "Saint Louis"]
[Date "2018.08.13"]
[Round "8"]
[White "Aronian, Levon"]
[Black "Vachier-Lagrave, Maxime"]
[Result "1-0"]
[WhiteElo "2806"]
[BlackElo "2798"]
[Annotator "TA"]
[PlyCount "93"]
[EventDate "2018.08.11"]
[EventType "tourn"]
[EventCountry "USA"]
[SourceTitle "playchess.com"]
[Source "ChessBase"]
[SourceQuality "1"]

{[%evp 32,93,10,17,27,23,24,29,23,23,33,33,29,24,87,77,62,37,75,36,42,64,35,30,31,-92,-85,-235,-241,-516,-504,-512,-508,-499,0,0,0,0,677,0,29985,458,472,468,435,442,447,419,346,237,251,241,235,234,234,232,363,216,380,376,370,330,795,795]} 1. e4 c5 2. Nc3 d6 3. Nge2 Nf6 4. d4 cxd4 5. Nxd4 a6 6. Be3 Ng4 7. Bc1 Nf6 8. f3 e5 9. Nb3 Be6 10. Be3 h5 11. Qd2 Nbd7 12. O-O-O b5 {B90: Sicilian Najdorf: Unusual White 6th moves, 6 Be3 Ng4 and 6 Be3 e5} 13. Kb1 Rc8 (13... Be7 14. h4 O-O 15. Bg5 Rc8 16. a3 Qc7 17. g4 hxg4 18. fxg4 Nb6 19. Bxf6 Bxf6 20. g5 {½-½ (70) Yu,Y (2751)-Vachier Lagrave,M (2789) Riadh 2017}) 14. g3 Be7 15. Nd5 Nxd5 16. exd5 Bf5 17. Bd3 {LiveBook: 5 Games} Bxd3 18. Qxd3 O-O 19. Rhg1 f5 $146 ({Predecessor:} 19... Bg5 20. f4 Bh6 21. Bd2 Re8 {½-½ (40) Santamaria Perez,T (2364)-Jimenez Ariza,J (2379) ICCF email 2016}) 20. h3 Qc7 21. c3 Qc4 22. Qc2 Qa4 (22... Qc7 $11 {remains equal.}) 23. g4 $1 $16 fxg4 24. fxg4 Rf3 25. Bc1 (25. Bh6 $5) 25... h4 26. g5 Nf8 27. Qe2 Rxh3 28. Rg4 (28. Nd2 $14 {stays ahead.}) 28... Rc4 $17 29. Nc5 (29. Rdg1 $17) 29... Rh2 $1 $19 {[%cal Rh2e2]} ({And not} 29... dxc5 30. b3 $16) 30. Qd3 $2 (30. Nxa4 {was worth a try.} Rxe2 31. Rxc4 bxc4 32. Rh1) 30... dxc5 (30... Rxg4 $2 {loses.} 31. Nxa4 e4 32. Qf1 $18) 31. d6 Bxd6 32. Qd5+ Kh7 $2 {[#]} ({Black should play} 32... Kh8 $19 33. Rxc4 Qxc4 34. Qxd6 Qe4+ 35. Ka1 Rf2 36. Qxc5 Qf3) 33. g6+ $1 $11 {[%mdl 512]} Nxg6 34. Rg5 $1 $36 {[%cal Rg5h5][%mdl 2048] White has some pressure.} Qc2+ 35. Ka1 {[%cal Rg5h5]} Kh6 $2 {[%mdl 8192]} (35... Nf4 $11 36. Qf7 Bf8 37. Qxf8 Ne6 38. Rh5+ Kg6 39. Qe8+ Kf6 40. Bg5+ Kf5 41. Bc1+ Kf6 42. Bg5+ Kf5 43. Bc1+ Kf6) 36. Rg2+ (36. Qf3 $142 Qxc1+ 37. Rxc1 Nf4 38. Rcg1 Rxc3 39. bxc3 b4 40. Rxg7 Rg2 41. R1xg2 Bf8 {[#]} 42. Qg4 $1 {[%mdl 512]} Be7 43. Rh7+ $1 {[%mdl 512]} Kxh7 44. Qg7#) 36... Qxc1+ $18 37. Rxc1 {Intending Rcg1 and mate.} Rxg2 38. Qxg2 {White threatens Rg1 and mate.} Rf4 39. Rg1 {[%csl Gg1][%cal Rg2g6]} Rf6 40. Qg5+ Kh7 41. a4 Kg8 42. Qh5 {[%mdl 1024] White has strong compensation.} Kf7 43. a5 c4 (43... Be7 $142 44. c4 b4) 44. Ka2 (44. Rg5 $142) 44... Bc7 $2 (44... Be7 {was necessary.} 45. b4 Re6 46. Rf1+ Bf6) 45. Qg4 {Black must now prevent Qd7+.} Bxa5 46. Qd7+ Ne7 $2 (46... Kg8 47. Rg5 e4) 47. Rg5 {Precision: White = 58%, Black = 62%.} 1-0

[Event "GCT Saint Louis Rapid 2018"]
[Site "Saint Louis"]
[Date "2018.08.13"]
[Round "8"]
[White "Karjakin, Sergey"]
[Black "Nakamura, Hikaru"]
[Result "1/2-1/2"]
[WhiteElo "2793"]
[BlackElo "2824"]
[Annotator "TA"]
[PlyCount "54"]
[EventDate "2018.08.11"]
[EventType "tourn"]
[EventCountry "USA"]
[SourceTitle "playchess.com"]
[Source "ChessBase"]
[SourceQuality "1"]

{[%evp 21,54,0,0,0,0,0,81,0,0,0,0,0,0,0,0,0,28,0,8,0,0,0,0,0,14,4,0,0,0,0,0,0,0,0,0]} 1. d4 Nf6 2. c4 e6 3. Nf3 d5 4. Nc3 Be7 5. Bf4 O-O 6. e3 c5 7. dxc5 Bxc5 8. Qc2 Nc6 9. a3 Qa5 10. O-O-O Be7 11. Kb1 a6 {LiveBook: 34 Games. D37: Queen's Gambit Declined: 5 Bf4} 12. g4 (12. Nd2 b5 13. Nb3 Qb6 14. cxd5 exd5 15. Bg5 Be6 16. Bxf6 Bxf6 17. Nxd5 Bxd5 18. Rxd5 Rac8 19. Bd3 {0-1 (33) Topalov,V (2749)-Nakamura,H (2780) Saint Louis 2017}) 12... dxc4 13. Bxc4 b5 {[#]} 14. g5 (14. Bd3 $1 $16 {Strongly threatening g5.} h6 15. g5 hxg5 16. Bxg5 (16. Nxg5 Bb7 $16)) 14... bxc4 $11 15. gxf6 Bxf6 16. Ne4 Be7 17. Rhg1 $1 {And now Bh6 would win.} Rd8 18. Rxd8+ Nxd8 $146 ({Predecessor:} 18... Qxd8 19. Rd1 {1-0 (46) Paredes,C (2333)-Paessler,H (2239) ICCF email 2012}) 19. Qxc4 {Black must now prevent Ka1.} Qd5 {The position is equal.} 20. Qxd5 $40 {[%mdl 128] White attacks.} exd5 21. Nc3 Bb7 22. Nd4 Ne6 23. Be5 {[#] Hoping for Nxe6.} g6 24. Nxe6 fxe6 25. Ne2 Bh4 26. f4 Bf2 27. Rc1 Rc8 {Precision: White = 76%, Black = 84%.} 1/2-1/2